000 00441nam a2200181Ia 4500
001 4825
005 20260306145823.0
008 260306t2016||||xx |||||||||||||| ||spa||
041 _aESP
082 _a330.9
_bH38
100 _aHemel, Ulrich,
_eAUT
245 0 _aEconomía para el ser humano :
_bsentido y alma del capital
260 _c2016
300 _a288 páginas :
_c
650 _aGEN
654 _aCAN
942 _cLIB
_dJUS
_fJUS
_2ddc
_n
999 _c4825
_d4825